MARC details
| 000 -CABECERA |
| campo de control de longitud fija |
01985nam a2200337 a 4500 |
| 001 - NÚMERO DE CONTROL |
| campo de control |
BRCA_3023 |
| 005 - FECHA Y HORA DE LA ÚLTIMA TRANSACCIÓN |
| campo de control |
20190320204055.0 |
| 008 - DATOS DE LONGITUD FIJA--INFORMACIÓN GENERAL |
| campo de control de longitud fija |
200109s1746----ne-a---###---#000-0#fre-u |
| 041 ## - CÓDIGO DE LENGUA |
| Código de lengua del texto/banda sonora o título independiente |
fre |
| 044 ## - CÓDIGO DEL PAÍS DE LA ENTIDAD EDITORA/PRODUCTORA |
| Código MARC del país |
ne |
| 084 ## - OTRO NÚMERO DE CLASIFICACIÓN |
| Número de clasificación |
337 |
| Número de documento/Ítem |
.H66 |
| -- |
1746 |
| 100 1# - ENTRADA PRINCIPAL--NOMBRE DE PERSONA |
| Nombre de persona |
Cervantes Saavedra, Miguel de |
| Fechas asociadas al nombre |
1547-1616 |
| 9 (RLIN) |
213 |
| 245 10 - MENCIÓN DE TÍTULO |
| Título |
Les Principales Aventures de L´Admirable Don Quichotte |
| Mención de responsabilidad, etc. |
Miguel de Cervantes ; Representées en Figures par Coypel, Picart le Romain, et Autres Habiles Maitres. |
| 260 ## - PUBLICACIÓN, DISTRIBUCIÓN, ETC. |
| Lugar de publicación, distribución, etc. |
La Haya (Holanda) |
| Nombre del editor, distribuidor, etc. |
Pierre de Hondt |
| Fecha de publicación, distribución, etc. |
1746 |
| 300 ## - DESCRIPCIÓN FÍSICA |
| Extensión |
330 p. |
| Otras características físicas |
il. |
| Dimensiones |
28 cm. |
| 500 ## - NOTA GENERAL |
| Nota general |
Contenido : Dedicatoria. Advertencia de los editores. Texto explicativo de las láminas. Primera parte. Texto. Segunda parte. Texto |
| 500 ## - NOTA GENERAL |
| Nota general |
Edición : Avec les Explications des XXXI Planches de Cette Magnifique Collection, Tiró, es de L´Original Espagnol |
| 500 ## - NOTA GENERAL |
| Nota general |
Esta excelente edición es un resumen de la novela, acomodada por capítulos a la explicación de los episodios que representa cada lámina. Tanto por la hermosura de las estampas, belleza de los tipos, como por el rico papel a grandes márgenes, es la presente edición la más suntuosa de cuantas se habían impreso en lengua francesa hasta aquella fecha. Sin embargo, el ambiente y los personajes de la novela son del todo franceses, de la época de Luis XV. Semipiel; lomeras decoradas con filetes dorados Lúdovik Osterc |
| 500 ## - NOTA GENERAL |
| Nota general |
Incluye índice : De ilustraciones |
| 500 ## - NOTA GENERAL |
| Nota general |
QM264 |
| 546 ## - NOTA DE LENGUA/LENGUAJE |
| Nota de lengua/lenguaje |
Texto en : francés |
| 650 14 - PUNTO DE ACCESO ADICIONAL DE MATERIA--TÉRMINO DE MATERIA |
| Término de materia o nombre geográfico como elemento de entrada |
Novela española |
| Subdivisión cronológica |
Época clásica, 1500-1700 |
| 9 (RLIN) |
215 |
| 650 14 - PUNTO DE ACCESO ADICIONAL DE MATERIA--TÉRMINO DE MATERIA |
| Término de materia o nombre geográfico como elemento de entrada |
Literatura española |
| Subdivisión cronológica |
Época clásica, 1500-1700 |
| 9 (RLIN) |
216 |
| 650 14 - PUNTO DE ACCESO ADICIONAL DE MATERIA--TÉRMINO DE MATERIA |
| Término de materia o nombre geográfico como elemento de entrada |
Novela española |
| Subdivisión cronológica |
Siglo XVII |
| 9 (RLIN) |
217 |
| 650 14 - PUNTO DE ACCESO ADICIONAL DE MATERIA--TÉRMINO DE MATERIA |
| Término de materia o nombre geográfico como elemento de entrada |
Don Quijote (Personaje ficticio) |
| Término indicativo de función/relación |
Novela |
| 9 (RLIN) |
218 |
| 700 1# - PUNTO DE ACCESO ADICIONAL--NOMBRE DE PERSONA |
| Nombre de persona |
Coypel, Charles-Antoine |
| Fechas asociadas al nombre |
1694-1752 |
| Término indicativo de función/relación |
Ilustrador |
| 9 (RLIN) |
8317 |
| 700 1# - PUNTO DE ACCESO ADICIONAL--NOMBRE DE PERSONA |
| Nombre de persona |
Picart Le Romain, Bernard |
| Fechas asociadas al nombre |
1673-1733 |
| Término indicativo de función/relación |
Ilustrador |
| 9 (RLIN) |
8318 |
| 740 0# - PUNTO DE ACCESO ADICIONAL--TÍTULO RELACIONADO O ANALÍTICO NO CONTROLADO |
| Título relacionado o analítico no controlado |
El Ingenioso Hidalgo Don Quijote de la Mancha |
| 902 ## - CATALOGADOR |
| Iniciales |
QFM |
| 942 ## - ELEMENTOS DE PUNTO DE ACCESO ADICIONAL (KOHA) |
| Fuente del sistema de clasificación o colocación |
Library of Congress Classification |
| Tipo de ítem Koha |
Libros |